MARC

LEADER 00000nam0a2200000 4500
001 336581
005 20231102004852.0
035 |a (RuTPU)RU\TPU\book\363010 
090 |a 336581 
100 |a 20171018d1978 k y0rusy50 ca 
101 0 |a rus 
102 |a RU 
105 |a a z 001zy 
200 1 |a Вопросы экономики в пожарной охране  |e сборник трудов  |f Всесоюзный научно-исследовательский институт противопожарной обороны ; под ред. С. Н. Минаева 
210 |a Москва  |c Изд-во ВНИИПО  |d 1978 
215 |a 121 с.  |c ил. 
225 1 |a Труды ВНИИПО  |v Вып. 7 
320 |a Библиография в конце статей 
606 1 |a Пожарная охрана  |2 stltpush  |3 (RuTPU)RU\TPU\subj\49926  |9 68686 
610 1 |a АСУ 
610 1 |a сельская местность 
610 1 |a технические службы 
610 1 |a показатели 
610 1 |a статистические данные 
610 1 |a пожары 
610 1 |a автомобили 
610 1 |a эксплуатация 
610 1 |a аналитическая работа 
610 1 |a экономика 
675 |a 614.84  |v 4 
702 1 |a Минаев  |b С. Н.  |4 340 
712 0 2 |a Всесоюзный научно-исследовательский институт противопожарной обороны  |g ВНИИПО  |2 stltpush  |3 (RuTPU)RU\TPU\col\8877 
801 1 |a RU  |b 63413507  |c 20171018 
801 2 |a RU  |b 63413507  |c 20171018  |g RCR 
942 |c BK